Gaming Quiz

Random Gaming or Grab Bag Quiz

Call of Duty: Black Ops Grab Bag Quiz Stats

 Plays Quiz Updated Mar 30, 2012

Challenge
Share
Tweet
Embed
Score 0/106 Timer 11:00
0 Plays Today
Type Weapon % Correct
Assault RiflesAK-47
82.1%
Assault RiflesM16
75.9%
Assault RiflesFamas
70.6%
Assault RiflesCommando
66.9%
Sub-machine GunsAK74u
66%
SpecialCrossbow
65%
Sub-machine GunsMP5k
62.1%
Assault RiflesM14
60.6%
ShotgunsSpas12
60.2%
Assault RiflesGalil
60%
Assault RiflesG11
59.7%
LaunchersRPG
59.7%
SpecialBallistic Knife
58.7%
ShotgunsOlympia
55.7%
Assault RiflesAUG
55.2%
EquipmentClaymore
55%
Light Machine GunsM60
54%
GrenadesFrag
53.4%
Assault RiflesEnfield
52.8%
PistolsPython
52.3%
ShotgunsStakeout
52.1%
Assault RiflesFN Fal
51.4%
Light Machine GunsRPK
50.8%
GrenadesSemtex
50.8%
AttachmentsRed Dot
48.8%
Sniper RiflesWA2000
47.5%
LaunchersChina Lake
46.8%
KillstreaksAttack Dogs
46.7%
KillstreaksSpy Plane
46.4%
Sub-machine GunsUzi
45.1%
EquipmentC4
44.6%
PistolsM1911
44.5%
Sniper RiflesDragunov
44.2%
KillstreaksCare Package
42.4%
Light Machine GunsHK21
42.3%
Sniper RiflesL96A1
42.1%
Type Weapon % Correct
Light Machine GunsSTONER63
41.5%
GrenadesFlashbang
41.1%
KillstreaksChopper Gunner
40.7%
GrenadesTomahawk
40.3%
KillstreaksRC-XD
40.3%
KillstreaksCounter Spy Plane
40.1%
PistolsMakarov
39.5%
Sniper RiflesPSG1
38.4%
Sub-machine GunsSpectre
38.3%
ShotgunsHS10
38.3%
Sub-machine GunsSkorpion
37.5%
EquipmentMotion Sensor
36.7%
PerksGhost
36.7%
GrenadesConcussion
36.2%
Sub-machine GunsMAC-11
36%
PistolsCZ75
35.7%
Sub-machine GunsKiparis
35.5%
LaunchersStrela-3
35.3%
AttachmentsACOG
35.3%
KillstreaksAttack Helicopter
34.8%
PistolsASP
34.1%
AttachmentsGrenade Launcher
34%
KillstreaksBlackbird
33.3%
Sub-machine GunsMPL
33.2%
KillstreaksGunship
33.1%
EquipmentJammer
32.9%
PerksMarathon
32.8%
PerksSleight of Hand
32.5%
PerksLightweight
32.4%
KillstreaksNapalm Strike
32.4%
EquipmentCamera Spike
31.9%
PerksNinja
31.1%
AttachmentsReflex
30.7%
EquipmentTactical Insertion
30.6%
PerksScavenger
30.5%
KillstreaksSentry Gun
30.1%
Type Weapon % Correct
OtherKnife
29.9%
PerksHardline
29.2%
AttachmentsFlamethrower
29.1%
GrenadesNova Gas
28.5%
Sub-machine GunsPM63
28.2%
GrenadesWilly Pete
28.1%
LaunchersM72 Law
27.9%
KillstreaksSAM Turret
26.9%
PerksHacker
26.4%
AttachmentsSuppressor
25.6%
KillstreaksRolling Thunder
25.4%
AttachmentsExtended Mags
25.4%
GrenadesDecoy
25.2%
PerksWarlord
25.2%
PerksFlak Jacket
24.7%
AttachmentsGrip
23%
PerksSteady Aim
21.9%
AttachmentsMasterkey
21.6%
PerksHardened
20.7%
AttachmentsDual Mags
20.5%
AttachmentsRapid Fire
20.4%
KillstreaksMortar Team
19.9%
AttachmentsDual Wield
18.2%
AttachmentsVariable Zoom
18.2%
PerksTactical Mask
17.9%
PerksSecond Chance
17.9%
PerksScout
17%
KillstreaksValkyrie Rockets
15%
AttachmentsInfrared Scope
11.2%
AttachmentsSnub Nose
9.2%
AttachmentsFull Auto
9%
AttachmentsSpeed Reloader
8.9%
AttachmentsUpgraded Iron Sights
8.3%
AttachmentsLow Powered Scope
5.2%

You're not logged in!

Compare scores with friends on all Sporcle quizzes.
Join for Free
OR
Log In

You Might Also Like...

Show Comments

Extras

Top Quizzes Today


Score Distribution

Your Account Isn't Verified!

In order to create a playlist on Sporcle, you need to verify the email address you used during registration. Go to your Sporcle Settings to finish the process.

Report this User

Report this user for behavior that violates our Community Guidelines.

Details: